[Event "Albuquerque op"]
[Site "Albuquerque"]
[Date "1997.??.??"]
[Round "4"]
[White "Felber, Joseph J"]
[Black "Perea, Steve"]
[Result "1/2-1/2"]
[WhiteElo "2055"]
[BlackElo "1880"]
[PlyCount "107"]
[EventDate "1997.??.??"]
[EventType "swiss"]
[EventRounds "5"]
[EventCountry "USA"]
[SourceTitle "EXT 2006"]
[Source "ChessBase"]
[SourceDate "2005.11.24"]
[SourceVersion "1"]
[SourceVersionDate "2005.11.24"]
[SourceQuality "1"]

1. e4 c5 2. Nf3 d6 3. d4 cxd4 4. Nxd4 Nf6 5. Nc3 e5 6. Nb3 Be6 7. Be2 Be7 8. 0-0 0-0 9. Be3 a6 10. a4 d5 11. exd5 Nxd5 12. Nxd5 Bxd5 13. c4 Be6 14. Nc5 Qc8 15. Nxe6 Qxe6 16. f4 exf4 17. Bxf4 Nc6 18. Bd3 Nb4 19. Qf3 Nxd3 20. Qxd3 Rac8 21. b3 Qb6+ 22. Kh1 Rcd8 23. Qg3 Bd6 24. Bxd6 Rxd6 25. Rad1 Rg6 26. Qf3 Rf6 27. Qc3 Rxf1+ 28. Rxf1 Re8 29. Qf3 Rf8 30. h3 Qb4 31. Rd1 b5 32. axb5 axb5 33. cxb5 Qxb5 34. Rd5 Qb4 35. Qd3 h6 36. Qd1 Re8 37. Rd8 Rxd8 38. Qxd8+ Kh7 39. Qd3+ Kg8 40. Kh2 Qf4+ 41. Qg3 Qb4 42. Qf3 Qd6+ 43. Qg3 Qb4 44. h4 Qb6 45. Qf3 Qd6+ 46. g3 Qd2+ 47. Kh3 Qd7+ 48. Qg4 Qd3 49. Qc4 Qd7+ 50. g4 h5 51. b4 hxg4+ 52. Qxg4 Qd3+ 53. Kg2 Qd2+ 54. Kg3 1/2-1/2